5HLuxD.jpg

KING HENRY VIII SENIOR AND PRIMARY SCHOOL LIBRARY OPAC

AWESOME FRIENDLY (Record no. 6015)

000 -LEADER
fixed length control field 00860nam a22002297a 4500
005 - DATE AND TIME OF LATEST TRANSACTION
control field 20260127082236.0
008 - FIXED-LENGTH DATA ELEMENTS--GENERAL INFORMATION
fixed length control field 260127b ||||| |||| 00| 0 eng d
020 ## - INTERNATIONAL STANDARD BOOK NUMBER
International Standard Book Number 9780241530412
040 ## - CATALOGING SOURCE
Transcribing agency KH8
082 ## - DEWEY DECIMAL CLASSIFICATION NUMBER
Classification number 813.6 KIN
100 ## - MAIN ENTRY--PERSONAL NAME
Personal name KINNEY,JEFF
Relator term AUTHOR
245 ## - TITLE STATEMENT
Title AWESOME FRIENDLY
260 ## - PUBLICATION, DISTRIBUTION, ETC.
Place of publication, distribution, etc. One Embassy Garden,8 Viaduct Gardens,London SW11 7BW
Name of publisher, distributor, etc. Penguin Random House
300 ## - PHYSICAL DESCRIPTION
Extent 217 Pages
Other physical details Colour illustration
Dimensions 12 cm x 19 cm
520 ## - SUMMARY, ETC.
Summary, etc. "Grab a flashlight, crawl under the covers, and dive into the twisted, unexpectedly hilarious world of Rowley Jefferson's imagination. You'll meet zombies, vampires, ghosts, and much more in these comically terrifying tales." - Library Thing-
650 ## - SUBJECT ADDED ENTRY--TOPICAL TERM
Topical term or geographic name entry element Juvenile Literature
655 ## - INDEX TERM--GENRE/FORM
Genre/form data or focus term Children literature
655 ## - INDEX TERM--GENRE/FORM
Genre/form data or focus term Spooky
655 ## - INDEX TERM--GENRE/FORM
Genre/form data or focus term Humour
655 ## - INDEX TERM--GENRE/FORM
Genre/form data or focus term Friendly
942 ## - ADDED ENTRY ELEMENTS (KOHA)
Source of classification or shelving scheme
Koha item type Books - Fiction
Holdings
Withdrawn status Lost status Source of classification or shelving scheme Damaged status Not for loan Collection code Permanent Location Current Location Shelving location Date acquired Full call number Barcode Date last seen Price effective from Koha item type Public note
          Fiction KH8 Primary School Library KH8 Primary School Library Fiction 2026-01-27 813.6 KIN KHPL000008243 2026-01-27 2026-01-27 Books - Fiction PRIMARY LIBRARY

Powered By KH8 IT Dept